Welcome to CU Library Online Public Access Catalogue (OPAC)

Human Resource Management/ (Record no. 2691)

MARC details
000 -LEADER
fixed length control field 00633nam a22002057a 4500
005 - DATE AND TIME OF LATEST TRANSACTION
control field 20250120084704.0
008 - FIXED-LENGTH DATA ELEMENTS--GENERAL INFORMATION
fixed length control field 250120b |||||||| |||| 00| 0 eng d
020 ## - INTERNATIONAL STANDARD BOOK NUMBER
International Standard Book Number 9781259252181
050 ## - LIBRARY OF CONGRESS CALL NUMBER
Classification number HF5549
Item number .R782 RUE
100 ## - MAIN ENTRY--PERSONAL NAME
Personal name Rue Leslie R.
245 ## - TITLE STATEMENT
Title Human Resource Management/
Remainder of title Leslie W. Rue, Nabil A. Ibrahim & Lloyd L. Byars
250 ## - EDITION STATEMENT
Edition statement 11th Ed.
260 ## - PUBLICATION, DISTRIBUTION, ETC.
Place of publication, distribution, etc. Boston
Name of publisher, distributor, etc. McGraw-Hill Education Ltd
Date of publication, distribution, etc. 2016
300 ## - PHYSICAL DESCRIPTION
Extent xx. 427p.
Other physical details ill. col.
Dimensions 28 cm x 22.5 cm
500 ## - GENERAL NOTE
General note Includes Index
650 ## - SUBJECT ADDED ENTRY--TOPICAL TERM
Source of heading or term Human Resource Management
700 ## - ADDED ENTRY--PERSONAL NAME
Personal name Ibrahim Nabil A.
700 ## - ADDED ENTRY--PERSONAL NAME
Personal name Byars Lloyd L.
942 ## - ADDED ENTRY ELEMENTS (KOHA)
Source of classification or shelving scheme Library of Congress Classification
Koha item type Books
Edition 11th Ed.
Suppress in OPAC No
999 ## -
-- 2691
-- 2691
Holdings
Withdrawn status Lost status Source of classification or shelving scheme Damaged status Not for loan Collection Home library Current library Shelving location Date acquired Total checkouts Full call number Barcode Date last seen Copy number Price effective from Koha item type
    Library of Congress Classification     Non-fiction Business Library (Miotso) Business Library (Miotso) General stacks 01/20/2025   HF5549 .R782 RUE BSSM00000454 01/20/2025 1 01/20/2025 Books
    Library of Congress Classification     Non-fiction Business Library (Miotso) Business Library (Miotso) General stacks 01/20/2025   HF5549 .R782 RUE BSSM00000455 01/20/2025 2 01/20/2025 Books
    Library of Congress Classification     Non-fiction Business Library (Miotso) Business Library (Miotso) General stacks 01/20/2025   HF5549 .R782 RUE BSSM00000456 01/20/2025 3 01/20/2025 Books
    Library of Congress Classification     Non-fiction Business Library (Miotso) Business Library (Miotso) General stacks 01/20/2025   HF5549 .R782 RUE BSSM00000457 01/20/2025 4 01/20/2025 Books
    Library of Congress Classification     Non-fiction Business Library (Miotso) Business Library (Miotso) General stacks 01/20/2025   HF5549 .R782 RUE BSSM00000458 01/20/2025 5 01/20/2025 Books
    Library of Congress Classification     Non-fiction Undergraduate Library (Christ Temple) Undergraduate Library (Christ Temple) General stacks 05/16/2025   HF5549.R782 RUE ulct00002454 05/16/2025 1 05/16/2025 Books
© 2023-2024 Copyright: Central University Libraries. All Rights Reserved | Created by: Mahone Tech Office